Ce que Messi a de plus que ronaldo - Statistiques

Statistiques générales
  • Ce quiz a été pris 591 fois
  • Le résultat moyen est 8 sur 15
Answers on the Grid
Answers color-coded by a green-red scale on the quiz's grid according to % correct below.
3 Ballon D'or
1 Coupe du monde
Passes décisives
Trophées Homme du match
2 Souliers d'or
5 IFFHS best playmaker
2 fois Meilleur joueur de la coupe du monde
2 fois Meilleur joueur tournoi continental
3 Trophée The Best
Buts/passes décisives
Meilleur Ratio But/match
Buts en phase finale de coupe du monde
Soulier d'argent euro 2016
Abonnés Instagram
Influence
Chameaux
Vues Youtube
5 Pichichis
Nominations au ballon d'or
6 fois meilleur attaquant de la liga
Médaille d'or aux JO
 
Statistiques - réponses
Réponse % Correct
1 Coupe du monde
73%
3 Ballon D'or
68%
Passes décisives
66%
2 fois Meilleur joueur de la coupe du monde
65%
Buts en phase finale de coupe du monde
60%
Trophées Homme du match
58%
Médaille d'or aux JO
57%
2 Souliers d'or
55%
6 fois meilleur attaquant de la liga
55%
Buts/passes décisives
53%
Meilleur Ratio But/match
53%
2 fois Meilleur joueur tournoi continental
50%
3 Trophée The Best
49%
5 Pichichis
47%
5 IFFHS best playmaker
39%
Aucun quiz correspondant
Distribution des résultats
% des personnes avec chaque résultat
Percentile par nombre de réponses
Votre historique - résultats
Vous n’avez pas pris ce quiz